000 00349nam a2200145Ia 4500
008 230312s9999||||xx |||||||||||||| ||und||
020 _a978-9332550247
082 _a003.3
_bGOR-S
100 _aGordon;Geoffrey
245 0 _aSystem Simulation
260 _bPearsons
_aIndia
_c2015
300 _a324
650 _aEngineering
_vComputer
942 _cBK
999 _c14067
_d14067